Land-locked Countries in Africa Quiz Stats

 Plays Quiz not verified by Sporcle

Score 0/15 Timer 06:00
0 Plays Today
% Correct
Chad
94.4%
Lesotho
94.3%
Rwanda
92.3%
Niger
90.5%
Mali
89.5%
Uganda
87.7%
Zimbabwe
87.5%
Swaziland
87.1%
% Correct
Zambia
86.7%
Burundi
84%
Central African Republic
82.9%
Botswana
82.5%
Burkina Faso
82%
Malawi
82%
Ethiopia
76.7%

You're not logged in!

Compare scores with friends on all Sporcle quizzes.
OR
Log In

Show Comments

Extras

Created Oct 29, 2010ReportNominate
Tags:Africa Quiz, Country Quiz

Top Quizzes Today


Score Distribution

Your Account Isn't Verified!

In order to create a playlist on Sporcle, you need to verify the email address you used during registration. Go to your Sporcle Settings to finish the process.

Report this User

Report this user for behavior that violates our Community Guidelines.

Details: